LEADER 01362nam a2200205 i 4500 001 000000235350 003 CaOOAMICUS 005 20141105000000.0 008 141105s1757 xx u000 u lat u 013 $a214253 026 $auma- 65a- ***. **** (3) 1757 (R) - [**= caratteri greci] 040 $aSeMil$bita 245 10$aTomus quartus, in quo de incarnatione Verbi libri priores decem. In hac novissima editione adcedit R.P. Joannis Maldonati e S.J. De Christi genealogia disputatio. 300 $aiv, xx, 428 [i.e. 424] p. 500 $aOmesse nella num. le pag. 265-268 ed errori tra le pag. 371-388. - Segn : a4 b2 c6 A-3G4. 700 1 $aMaldonati, Giovanni.$0(OLS)http://semarc/name/80494 773 0 $aPetau, Denys $tDionysii Petavii Aurelianensis ... Opus de theologicis dogmatibus, nunc primum septem voluminibus comprehensum, in meliorem ordinem redactum, ... Francisci Antonii Zachariae ... dissertationibus, ac notis uberrimis illustratum. Tomus 1. [-6.].$dVenetiis : Ex Typographia Remondiniana, 1757.$g4$w()27629 850 $aSeMil 852 $aSeMil$W1$xVenegono$y1$m2D VIII 5 FA$j185696$B185696$CSeMilBibl$Z2$F196602 $8I 996 $6245$aTomus quartus, in quo de incarnatione Verbi libri priores decem. In hac novissima editione adcedit R.P. Joannis Maldonati e S.J. De Christi genealogia disputatio$9(OLS)http://semarc/title/335597 LEADER 01158nam a2200277 4500 001 000000344040 003 CaOOAMICUS 005 20210211114959.0 008 210129s1966 fr 000 u fre r 040 $aSeMil$bita 100 1 $aBenoit, Pierre,$c.$0(OLS)http://semarc/name/878 240 10$aPassion et Résurrection du Seigneur.$0(OLS)http://semarc/title/45925 245 10$aPassion et Résurrection du Seigneur /$cPierre Benoit. 264 1$aParis :$bLes Éditions du Cerf,$c1966. 300 $a390 p. ;$c20 cm 490 1 $aLire la Bible ;$v6 541 0 $aFondo mons. Pasquale Macchi (2Z I 350) 650 4$aGesù Cristo - Passione e risurrezione.$0(OLS)http://semarc/subject/5598 830 0$aLire la Bible ;$v6.$0(OLS)http://semarc/title/8687 850 $aSeMil 852 $aSeMil$W1$xVenegono$y1$m2V VII 100$j270452$B235089$CSeMilBibl$Z2$F235089 $81 941 1 $a8 961 $aFondo mons. Pasquale Macchi 996 $6245$aPassion et Résurrection du Seigneur$9(OLS)http://semarc/title/433108 996 $6264$aParis :$bLes Éditions du Cerf$9(OLS)http://semarc/publisher/29611